000 00547nam a2200229Ia 4500
003 OSt
005 20220918231436.0
006 a|||||r|||| 00| 0
007 ta
008 220917b |||||||| |||| 00| 0 eng d
024 _a284,234
037 _cTextual
040 _aARTS
_cARTS
_beng
041 _2eng
_aeng
082 _aV2, fM0
100 _aTahvildar Abbas
_9154666
245 0 _aIndia, land of wonders
260 _c1980
650 _aHISTORY
942 _hV2, fM0
_cTEXL
_2CC
999 _c291169
_d291169